| 000 | 01026nam a22002417a 4500 | ||
|---|---|---|---|
| 001 | 49308 | ||
| 003 | BD-RjUL | ||
| 005 | 20211209054649.0 | ||
| 008 | 160820s1969 bg ||||| |||| 00| 0 ben d | ||
| 035 | _a(BD-RjUL)49427 | ||
| 040 |
_aBD-RjUL _bben _cBD-RjUL _dBD-RjUL |
||
| 041 | _aben | ||
| 082 |
_223 _a891.441 _bISH 1969 |
||
| 100 |
_aগুপ্ত, ঈশ্বরচন্দ্র _9149540 |
||
| 245 | 1 |
_aঈশ্বর গুপ্তের কবিতা সংগ্রহ / _cঈশ্বরচন্দ্র গুপ্ত ; মুহম্মদ আবদুল হাই ; আনোয়ার পাশা |
|
| 260 |
_aঢাকা : _bএম/এস মাওলা বাদ্রাস, _c১৯৬৯. |
||
| 300 |
_a৪৪৪ পৃ. ; _c২৪ সেমি. |
||
| 650 |
_aবাংলা কবিতা _9148107 |
||
| 650 |
_aBangla Poetry _9120455 |
||
| 700 |
_aপাশা, আনোয়ার _9148108 |
||
| 700 |
_aহাই, মুহম্মদ আবদুল _9149541 |
||
| 942 |
_2ddc _cBK |
||
| 999 |
_c49308 _d49308 |
||